| 000 | 00000nam 2200000zi 4500 |
| 001 | 9.911834 |
| 003 | CaOODSP |
| 005 | 20231211105455 |
| 006 | m o d f |
| 007 | cr cn||||||||| |
| 008 | 220601s2022 onco o f000 0 eng d |
| 020 | |a9780660438443 |
| 040 | |aCaOODSP|beng|erda|cCaOODSP |
| 043 | |an-cn--- |
| 086 | 1 |aPS74-18/2022E-PDF |
| 245 | 00|aProtecting national security in partnership with all Canadians. |
| 264 | 1|a[Ottawa] : |bCanadian Security Intelligence Service = Service canadien du renseignement de sécurité, |c[2022] |
| 300 | |a1 online resource (8 pages) : |bphotographs |
| 336 | |atext|btxt|2rdacontent |
| 337 | |acomputer|bc|2rdamedia |
| 338 | |aonline resource|bcr|2rdacarrier |
| 500 | |aCover title. |
| 500 | |aIssued also in French under title: Protéger la sécurité nationale en partenariat avec tous les canadiens. |
| 520 | |a"A safe, secure and prosperous Canada through trusted intelligence, advice and action"--Cover. |
| 530 | |aIssued also in printed form. |
| 650 | 0|aRadicalism|zCanada. |
| 650 | 0|aReligious fundamentalism|zCanada. |
| 650 | 0|aTerrorism|xPrevention|xGovernment policy|zCanada. |
| 650 | 0|aNational security|zCanada. |
| 710 | 2 |aCanadian Security Intelligence Service, |eissuing body. |
| 775 | 08|tProtéger la sécurité nationale en partenariat avec tous les Canadiens.|w(CaOODSP)9.911836 |
| 775 | 08|t[Protecting national security in partnership with all Canadians].|w(CaOODSP)9.913972 |
| 775 | 08|tProteger la seguridad nacional en colaboración con todos los canadienses.|w(CaOODSP)9.913975 |
| 775 | 08|t[Protecting national security in partnership with all Canadians].|w(CaOODSP)9.913979 |
| 775 | 08|t[Protecting national security in partnership with all Canadians].|w(CaOODSP)9.913977 |
| 775 | 08|t[Protecting national security in partnership with all Canadians].|w(CaOODSP)9.913986 |
| 775 | 08|t[Protecting national security in partnership with all Canadians].|w(CaOODSP)9.913989 |
| 775 | 08|t[Protecting national security in partnership with all Canadians].|w(CaOODSP)9.913991 |
| 775 | 08|t[Protecting national security in partnership with all Canadians].|w(CaOODSP)9.913994 |
| 775 | 08|tPinoprotektahana ng pambansang seguridad sa pakikipagtulungan sa mga Canadian.|w(CaOODSP)9.913999 |
| 776 | 0#|tProtecting national security in partnership with all Canadians.|w(CaOODSP)9.911835 |
| 856 | 40|qPDF|s4.38 MB|uhttps://publications.gc.ca/collections/collection_2022/scrs-csis/PS74-18-2022-eng.pdf |
| 856 | 4 |qHTML|sN/A|uhttps://www.canada.ca/en/security-intelligence-service/corporate/publications/pnspac-en/protecting-national-security-in-partnership-with-all-canadians.html |